000 nam a22 a 4500
999 _c3900
_d3900
005 20170524121719.0
008 170524b1987 - ||||| |||| 00| 0 eng d
020 _a0840345771
040 _aAKMAL
082 _a808.5 SCH
090 _a808.5
_bSCH
245 _aIMPROVING COMMUNICATIONS SKILLS
_cKENNETH R. SCHOCK
260 _aUNITED STATES OF AMERICA
_bKENDALL/HUNT PUBLISHING COMPANY
_c1987
300 _a318pg,;
_c25 cm
650 _aCOMMUNICATIONS
_92677
942 _2ddc
_cBOOK